Alle Attentate auf US-Präsidenten - Statistiken

Allgemein
  • Dieses Quiz wurde 69 mal gespielt
  • Das Durchschnittsergebnis liegt bei 17 aus 23
Antwortstatistiken
Datum Attentäter Gelungen? Präsident % Korrekt
13.7.2024 Thomas Matthew Crooks Nein Donald J. Trump
98%
15.9.2024 Ryan Wesley Routh Nein Donald J. Trump
98%
11.11.2011 Oscar Ortega-Hernandez Nein Barack Obama
96%
11.12.1960 Richard Paul Pavlick Nein John F. Kennedy
96%
22.11.1963 (mutmaßlich) Lee Harvey Oswald Ja John F. Kennedy
96%
13.4.1993 16 Gefolgsleute von Saddam Hussein Nein George Bush
89%
7.2.2001 Robert Pickett Nein George W. Bush
89%
10.5.2005 Vladimir Arutyunian Nein George W. Bush
89%
23.2.1861 Cipriano Ferrandini Nein Abraham Lincoln
81%
14.4.1865 John Wilkes Booth Ja Abraham Lincoln
81%
12.9.1994 Frank Eugene Corder Nein Bill Clinton
81%
29.10.1994 Francisco Martin Duran Nein Bill Clinton
81%
15.2.1933 Giuseppe Zangara Nein Franklin D. Roosevelt
72%
14.12.1912 John F. Schrank Nein Theodore Roosevelt
72%
22.2.1974 Samuel Byck Nein Richard Nixon
68%
30.3.1981 John Hinckley, Jr Nein Ronald Reagan
66%
1.11.1950 Griselio TorresolaOscar Collazo Nein Harry S. Truman
64%
30.5.1979 Raymond Lee HarveyOsvaldo Ortiz Nein Jimmy Carter
58%
5.9.1975 Lynette Fromme Nein Gerald Ford
57%
22.9.1975 Sara Jane Moore Nein Gerald Ford
57%
2.6.1881 Charles J. Guiteau Ja James A. Garfield
43%
6.9.1901 Leon Czolgosz Ja William McKinley
32%
30.1.1835 Richard Lawrence Nein Andrew Jackson
21%
Keine übereinstimmenden Quizze gefunden
Verteilung der Resultate
Anzahl Personen mit jedem Resultat
Perzentil nach korrekt beantworteten Fragen
Ihre Resultats-Entwicklung
Sie haben dieses Quiz noch nicht gespielt